000 00408nam a2200145 i 4500
001 24801
003 ES-MaACL
005 20230906153131.0
007 t|
008 021218s1971 sp ||||1| spa d
245 0 0 _aAquello que los gobiernos ocultan sobre los platillos volantes.
260 _aBarcelona :
_bDe Vecchi,
_c[1971]
300 _a213 p., 6 lám. ;
_c21 cm.
852 _aES-MaACL
_jC-47272
_bR.78770
999 _c24801
_d24801